LEADER 01063nam a2200265 i 4500 001 000000159571 003 CaOOAMICUS 005 20070228000000.0 008 070228s1978 it u000 u ita u 013 $a136934 040 $aSeMil$bita 100 1 $aGrillandi, Massimo,$d<1921-1987>.$0(OLS)http://semarc/name/25505 245 13$aLa contessa di Castiglione /$cMassimo Grillandi. 260 $aMilano :$bRusconi,$c1978. 300 $a333 p., [16] p. di tav. :$bill. ;$c22 cm. 490 0 $aLe vite 500 $aContiene : Appunti bibliografici. - Fondo Card. Giovanni Colombo. 600 14$aOldoini, Virginia .$0(OLS)http://semarc/subject/17216 830 3$aLe vite.$0(OLS)http://semarc/title/7309 850 $aSeMil 852 $aSeMil$W1$xVenegono$y1$m1O II 139$j111128$B111128$CSeMilBibl$Z2$F120737 $81 941 1 $a3 961 $aLascito: Colombo Card. Giovanni 996 $6245$aLa contessa di Castiglione$9(OLS)http://semarc/title/141695 996 $6260$aMilano :$bRusconi$9(OLS)http://semarc/publisher/30258 LEADER 01271nam a2200277 4500 001 000000359138 003 CaOOAMICUS 005 20240729103858.0 008 240729s2002 it 000 u ita r 020 $a88-200-3439-5 040 $aSeMil$bita 100 1 $aFernández Retamar, Roberto.$0(OLS)http://semarc/name/109420 245 10$aCalibano :$b[saggi sull'identitŕ culturale dell'America Latina] /$cRoberto Fernández Retamar ; traduzione di Lucia Lorenzini. 264 1$aMilano :$bSperling & Kupfer,$c2002. 300 $aXXIII, 2261 p. ;$c21 cm 490 1 $aContinente desaparecido 650 4$aAmerica Latina - Cultura - Storia.$0(OLS)http://semarc/subject/42523 700 1 $aLorenzini, Lucia.$0(OLS)http://semarc/name/47111 830 0$aContinente desaparecido.$0(OLS)http://semarc/title/12044 850 $aSeMil 852 $aSeMil$W1$xVenegono$y1$m3M II 397$j249646$B250188$CSeMilBibl$Z2$F250188 $81 961 $aAntonelli don Mario - Omaggio 996 $6020$a88-200-3439-5$9(OLS)http://semarc/number/287222 996 $6245$aCalibano :$b[saggi sull'identitŕ culturale dell'America Latina]$9(OLS)http://semarc/title/423060 996 $6264$aMilano :$bSperling & Kupfer$9(OLS)http://semarc/publisher/31721